Der praktische Czerny
Uloženo v:
| Hlavní autor: | |
|---|---|
| Médium: | Hudebnina Kniha |
| Jazyk: | angličtina němčina francouzština |
| Vydáno: |
Mainz
B. Schott's Söhne
1949
|
| Edice: | Edition Schott, 3723, 3724, 3725
|
| Témata: | |
| Tagy: |
Přidat tag
Žádné tagy, Buďte první, kdo vytvoří štítek k tomuto záznamu!
|
MARC
| LEADER | 00000ncm a2200000 a 4500 | ||
|---|---|---|---|
| 001 | UCN5369 | ||
| 003 | CL-VaPUC | ||
| 005 | 20250325095626.0 | ||
| 008 | 010824e19490000GW |||||||||||||||||eng|d | ||
| 999 | |c 296930 |d 296928 | ||
| 040 | |c Pontificia Universidad Católica de Valparaíso | ||
| 041 | 0 | 7 | |a eng |2 CL-VaPUC |
| 041 | 0 | 7 | |a ger |2 CL-VaPUC |
| 041 | 0 | 7 | |a fre |2 CL-VaPUC |
| 082 | 0 | 4 | |a Pn786.2193 PRA 1949 |2 21 |
| 100 | 0 | |a Czerny, Carl |e author |9 461401 | |
| 245 | 1 | 4 | |a Der praktische Czerny |
| 246 | 1 | 3 | |a Le Czerny pratique |
| 246 | 1 | 4 | |a The practical Czerny |
| 260 | |a Mainz |b B. Schott's Söhne |c 1949 | ||
| 300 | |a v | ||
| 490 | 0 | |a Edition Schott, 3723, 3724, 3725 | |
| 500 | |a v.3: Untere mittelstufe - Degré moyen inférieur - Under grade | ||
| 500 | |a v.4: Mittelstufe - Degré moyen - Middle grade | ||
| 500 | |a v.5: Höhere Mittelstufe - Degré moyen plus avancé - Upper grade | ||
| 583 | |a last modification |c 20010824 00:00:00 |k Rodrigo Vera | ||
| 650 | 0 | |a Piano, ejercicios y estudio |9 328974 | |
| 650 | 0 | |a Piano |x Estudio e instrucción |9 325053 | |
| 650 | 0 | |a Música para piano |9 306528 | |
| 650 | 0 | |a Piano |x Técnicas de ejecución |9 328975 | |
| 650 | 0 | |a Piano, interpretación |9 461397 | |
| 650 | 0 | |a Compositores austríacos |2 CL-VaPUC |9 324827 | |
| 942 | |c BK |2 ddc | ||
| 945 | |d 20010824 00:00:00 |a lriquelm | ||
| 952 | |0 0 |1 0 |4 0 |6 PN_786_219300000000000_CZE_1949 |7 0 |8 F |9 351230 |a BIBEDU |b BIBEDU |d 2019-11-21 |h v.3 |i 1165755 |l 1 |o Pn786.2193 CZE 1949 |p 1165755 |r 2023-11-22 |s 2023-10-03 |w 2019-11-21 |y PA |k MUS | ||
| 952 | |0 0 |1 0 |4 0 |6 PN_786_219300000000000_CZE_1949 |7 0 |8 F |9 351231 |a BIBEDU |b BIBEDU |d 2019-11-21 |h v.3 |i 1165763 |o Pn786.2193 CZE 1949 |p 1165763 |r 2023-11-22 |w 2019-11-21 |y PA |k MUS | ||
| 952 | |0 0 |1 0 |4 0 |6 PN_786_219300000000000_CZE_1949 |7 0 |8 F |9 351232 |a BIBEDU |b BIBEDU |d 2019-11-21 |h v.4 |i 1165771 |o Pn786.2193 CZE 1949 |p 1165771 |r 2023-11-22 |w 2019-11-21 |y PA |k MUS | ||
| 952 | |0 0 |1 0 |4 0 |6 PN_786_219300000000000_CZE_1949 |7 0 |8 F |9 351233 |a BIBEDU |b BIBEDU |d 2019-11-21 |h v.4 |i 116578K |l 2 |o Pn786.2193 CZE 1949 |p 116578K |r 2023-11-22 |s 2023-08-04 |w 2019-11-21 |y PA |k MUS | ||
| 952 | |0 0 |1 0 |4 0 |6 PN_786_219300000000000_CZE_1949 |7 0 |8 F |9 351234 |a BIBEDU |b BIBEDU |d 2019-11-21 |h v.5 |i 1165801 |o Pn786.2193 CZE 1949 |p 1165801 |r 2023-11-22 |w 2019-11-21 |y PA |k MUS | ||
| 952 | |0 0 |1 0 |4 0 |6 PN_786_219300000000000_CZE_1949 |7 0 |8 F |9 351235 |a BIBEDU |b BIBEDU |d 2019-11-21 |h v.5 |i 116581K |o Pn786.2193 CZE 1949 |p 116581K |r 2023-11-22 |w 2019-11-21 |y PA |k MUS | ||